| 000 | 01201cam a22003377a 4500 | ||
|---|---|---|---|
| 003 | CHAP | ||
| 005 | 20220329134140.0 | ||
| 008 | 971013s1973 r 00010 d | ||
| 010 | _a16162 | ||
| 011 | _a17134 | ||
| 035 | _a21217 | ||
| 040 | _cCHAP | ||
| 090 | _aTesis | ||
| 100 | 0 | 0 |
_aHolguín Llongueras, Joel. _955927 |
| 245 | 0 | _aPrueba de adaptación y rendimiento de 7 variedades de cebolla (Allium capa L.) en la Hacienda de Mamulique municipio de Salinas Victoria, Nuevo León | |
| 260 |
_aMonterrey, N.L. : _bEl Autor, _c1973 |
||
| 300 |
_a50 h. _b: gráfs. |
||
| 502 | _aTesis (Ing. Agr.) -- Univ. Autónoma de Nuevo León. Fac. de Agronomía | ||
| 590 |
_aALEPH _b10 _c20130110 _lUCH01 _h1238 |
||
| 590 |
_aBATCH-UPD _b10 _c20130110 _lUCH01 _h1544 |
||
| 590 |
_aBATCH-UPD _b10 _c20130410 _lUCH01 _h0945 |
||
| 590 |
_aBATCH-UPD _b10 _c20130914 _lUCH01 _h0905 |
||
| 590 |
_aCONVERSION _b10 _c20130109 _lUCH01 _h1310 |
||
| 650 | 1 | 4 |
_aCebolla _xEfecto del medio ambiente. _920763 |
| 650 | 1 | 4 |
_aCebolla _xRendimiento. _920801 |
| 650 | 1 | 4 |
_aCebolla _xVariedades. _920807 |
| 901 | _aBK | ||
| 942 | _cFOLL | ||
| 949 |
_bBC _cTES _d-49428 _eTS1 _i21217 _si |
||
| 949 |
_bBC _cTES _d-49429 _eTS2 _fc.2 _i21217 _si |
||
| 999 |
_c16162 _d16162 |
||